000 00548nam a2200169 a 4500
001 000046046
005 20240307073949.0
008 150612s2003 dr 000 0 spa d
040 _aDO-SdBNP
_bspa
_cBNPHU
082 _axxx
_bxxx
110 1 _aUniversidad Autónoma de Santo Domingo
_972951
245 1 0 _aReglamento para el consejo directivo de la facultad de humanidades /.
260 _aSanto Domingo :
_bUASD,
_c2003.
300 _a16 p. ;
_c21 cm.
590 _aInventariado, 2019/ YL
710 1 _aUniversidad Autónoma de Santo Domingo
_972951
999 _c45535
_d45535